| 000 | 01650cam a2200289 4500 | ||
|---|---|---|---|
| 001 | X124070 | ||
| 008 | 031028n2003 000 0 eng u | ||
| 035 | _a(Sirsi) u124070 | ||
| 100 | _aSilman, G. | ||
| 245 | 4 | _aThe Land Registration Act 2002 | |
| 260 | _c2003 | ||
| 490 |
_aJournal of Retail and Leisure Property _v3(2) 2003, 190-198(9) |
||
| 520 | _aExamines the groundbreaking provisions of the Land Registration Act 2002, which came into force on 13 October 2003, in respect of the future development of land registration, the expansion of public information about all property interests and the move towards e-conveyancing. The Act represents the first complete overhaul of registered conveyancing law since 1925 and the largest single item of law reform undertaken by the Law Commisssion since its inception in 1965. Focuses on the treatment of lease registration, the introduction of an open register for leases and mortgages, the issues of adverse possession, boundaries, the Crown's new right to register its landholdings, the abolition of land and charge certificates, the transition period for prescribed forms, the appointment of an adjudicator to HM Land Registry, the termination of registered estates and notices and addresses for service. | ||
| 590 | _aABS | ||
| 650 | _aLAND REGISTRATION ACT 2002 | ||
| 650 | _aLEASES | ||
| 650 | _aMORTGAGES | ||
| 650 | _aADVERSE POSSESSION | ||
| 650 |
_aBoundary disputes _96221 |
||
| 650 | _aCROWN | ||
| 650 | _aLAND CERTIFICATES | ||
| 650 | _aCHARGE CERTIFICATES | ||
| 650 | _aNOTICES | ||
| 650 | _aADDRESSES | ||
| 690 | _aPROPERTY AND LAND LAW-CONVEYANCING | ||
| 942 | _n0 | ||
| 999 |
_c73659 _d73659 |
||